<?xml version="1.0" encoding="UTF-8"?>
<record
    xmlns:xsi="http://www.w3.org/2001/XMLSchema-instance"
    xsi:schemaLocation="http://www.loc.gov/MARC21/slim http://www.loc.gov/standards/marcxml/schema/MARC21slim.xsd"
    xmlns="http://www.loc.gov/MARC21/slim">

  <leader>00661nam a22002057a 4500</leader>
  <controlfield tag="005">20241209111732.0</controlfield>
  <datafield tag="010" ind1=" " ind2=" ">
    <subfield code="a"> B-761427</subfield>
  </datafield>
  <datafield tag="020" ind1=" " ind2=" ">
    <subfield code="a">9788181534824   (Pt.3)</subfield>
    <subfield code="c">290.00  </subfield>
  </datafield>
  <datafield tag="035" ind1=" " ind2=" ">
    <subfield code="a">B-761427</subfield>
  </datafield>
  <datafield tag="037" ind1=" " ind2=" ">
    <subfield code="b">Gift</subfield>
  </datafield>
  <datafield tag="082" ind1=" " ind2=" ">
    <subfield code="a">507.8</subfield>
  </datafield>
  <datafield tag="245" ind1=" " ind2=" ">
    <subfield code="a">Rainbow 101 Science Projects -3/ </subfield>
    <subfield code="c">edited and compiled  by Aakanksha</subfield>
  </datafield>
  <datafield tag="260" ind1=" " ind2=" ">
    <subfield code="a">Delhi </subfield>
    <subfield code="b">Rainbow Books </subfield>
    <subfield code="c">2019(repr.)</subfield>
  </datafield>
  <datafield tag="270" ind1=" " ind2=" ">
    <subfield code="a">F-32, Street No.12, Parwana Road, Jagat Puri, </subfield>
    <subfield code="b"> Delhi </subfield>
    <subfield code="e">110051</subfield>
  </datafield>
  <datafield tag="300" ind1=" " ind2=" ">
    <subfield code="a">112p.</subfield>
    <subfield code="c">25cm(Hb)</subfield>
    <subfield code="b">col.ill.</subfield>
  </datafield>
  <datafield tag="490" ind1=" " ind2=" ">
    <subfield code="v">2</subfield>
  </datafield>
  <datafield tag="700" ind1=" " ind2=" ">
    <subfield code="a">Aakanksha</subfield>
    <subfield code="9">55845</subfield>
  </datafield>
  <datafield tag="942" ind1=" " ind2=" ">
    <subfield code="2">ddc</subfield>
    <subfield code="c">CH</subfield>
    <subfield code="m">RAI</subfield>
    <subfield code="h">507.8</subfield>
  </datafield>
  <datafield tag="999" ind1=" " ind2=" ">
    <subfield code="c">207486</subfield>
    <subfield code="d">207486</subfield>
  </datafield>
  <datafield tag="952" ind1=" " ind2=" ">
    <subfield code="0">0</subfield>
    <subfield code="1">0</subfield>
    <subfield code="4">0</subfield>
    <subfield code="7">0</subfield>
    <subfield code="8">NFIC</subfield>
    <subfield code="a">L</subfield>
    <subfield code="b">L</subfield>
    <subfield code="d">2024-12-09</subfield>
    <subfield code="e">Gift/9.12.24</subfield>
    <subfield code="g">290.00</subfield>
    <subfield code="l">1</subfield>
    <subfield code="m">2</subfield>
    <subfield code="o">RAI 507.8</subfield>
    <subfield code="p">B-761427</subfield>
    <subfield code="r">2026-01-31 00:00:00</subfield>
    <subfield code="s">2026-01-03</subfield>
    <subfield code="t">1</subfield>
    <subfield code="v">290.00</subfield>
    <subfield code="w">2024-12-09</subfield>
    <subfield code="y">CH</subfield>
    <subfield code="z">Gift</subfield>
  </datafield>
</record>
